Mathematical logic /
Guardado en:
| Autor Principal: | |
|---|---|
| Formato: | Libro |
| Idioma: | English |
| Publicado: |
Mineola, N.Y. :
Dover,
2002.
|
| Edición: | Dover ed. |
| Materias: | |
| Acceso en línea: | Publisher description |
| Etiquetas: |
Agregar Etiqueta
Sin Etiquetas, Sea el primero en etiquetar este registro!
|
| LEADER | 00919cam a2200253 a 4500 | ||
|---|---|---|---|
| 001 | MAT.inmabb004036 | ||
| 008 | 020909r20021967nyu######b####001#0#eng## | ||
| 005 | 20130312153402.0 | ||
| 245 | 1 | 0 | |a Mathematical logic / |c Stephen Cole Kleene. |
| 250 | |a Dover ed. | ||
| 260 | |a Mineola, N.Y. : |b Dover, |c 2002. | ||
| 300 | |a xiii, 398 p. ; |c 22 cm. | ||
| 500 | |a Publicado originalmente: New York : Wiley, 1967. | ||
| 504 | |a Incluye referencias bibliográficas (p. 371-386) e índice. | ||
| 510 | 4 | |a MR, |c 36 #25 |3 (de la ed. anterior). | |
| 020 | |a 0486425339 | ||
| 100 | 1 | |a Kleene, Stephen Cole, |d 1909-1994. | |
| 650 | 0 | |a Mathematics |x Philosophy. | |
| 650 | 0 | |a Logic, Symbolic and mathematical. | |
| 084 | |a 03-01 (03Bxx) |2 msc2000 | ||
| 010 | |a 2002034823 | ||
| 040 | |a DLC |c DLC |d DLC | ||
| 856 | 4 | 2 | |3 Publisher description |u http://www.loc.gov/catdir/description/dover033/2002034823.html |
| 859 | |h 03 |i K63-2 |p A-8312 |b BIB. MATEMATICA | ||
